Sharing water in southern Africa / (Record no. 161668)

MARC details
000 -LEADER
fixed length control field 01073nam a2200289 a 4500
008 - FIXED-LENGTH DATA ELEMENTS--GENERAL INFORMATION
fixed length control field
049 ## - LOCAL HOLDINGS (OCLC)
Holding library MAIN
090 ## - LOCALLY ASSIGNED LC-TYPE CALL NUMBER (OCLC); LOCAL CALL NUMBER (RLIN)
Classification number (OCLC) (R) ; Classification number, CALL (RLIN) (NR) TD319
Local cutter number (OCLC) ; Book number/undivided call number, CALL (RLIN) SHA
003 - CONTROL NUMBER IDENTIFIER
control field
005 - DATE AND TIME OF LATEST TRANSACTION
control field 20230123134207.0
040 ## - CATALOGING SOURCE
Transcribing agency NUST
245 00 - TITLE STATEMENT
Title Sharing water in southern Africa /
Statement of responsibility, etc. edited by John Pallett ; based on contributions from Piet Heyns ... [et al.] ; illustrations by Christine Marais ; maps by Viera Larsson.
260 ## - PUBLICATION, DISTRIBUTION, ETC.
Place of publication, distribution, etc. Windhoek, Namibia :
Name of publisher, distributor, etc. Desert Research Foundation of Namibia,
Date of publication, distribution, etc. 1997.
300 ## - PHYSICAL DESCRIPTION
Extent ix, 121 p. :
Other physical details ill. (some col.) + maps (some col.) ;
Dimensions 30 cm.
500 ## - GENERAL NOTE
General note Includes index.
504 ## - BIBLIOGRAPHY, ETC. NOTE
Bibliography, etc. note Includes bibliographical references.
650 #0 - SUBJECT ADDED ENTRY--TOPICAL TERM
Topical term or geographic name entry element Water-supply
Geographic subdivision Africa, Southern.
650 #0 - SUBJECT ADDED ENTRY--TOPICAL TERM
Topical term or geographic name entry element Water rights
Geographic subdivision Africa, Southern.
650 #0 - SUBJECT ADDED ENTRY--TOPICAL TERM
Topical term or geographic name entry element Sustainable development
Geographic subdivision Africa, Southern.
700 1# - ADDED ENTRY--PERSONAL NAME
Personal name Pallett, John.
700 1# - ADDED ENTRY--PERSONAL NAME
Personal name Heyns, P.
700 1# - ADDED ENTRY--PERSONAL NAME
Personal name Marais, Christine.
700 1# - ADDED ENTRY--PERSONAL NAME
Personal name Larsson, Viera.
710 2# - ADDED ENTRY--CORPORATE NAME
Corporate name or jurisdiction name as entry element Desert Research Foundation of Namibia.
907 ## - LOCAL DATA ELEMENT G, LDG (RLIN)
a .b10199081
b 24-09-15
c 20-04-06
942 ## - ADDED ENTRY ELEMENTS (KOHA)
Koha item type Ordinary Loan Books
Call number prefix TD319
Call number suffix SHA
Holdings
Date last seen Total Checkouts Full call number Barcode Cost, replacement price Price effective from Koha item type Lost status Source of classification or shelving scheme Damaged status Not for loan Collection Withdrawn status Home library Current library Shelving location Date acquired Cost, normal purchase price
01/23/2023 6 TD319 SHA 92003025154 80.00 01/23/2023 BOOKS   LCC     NFIC   MAIN MAIN GEN 01/23/2023 80.00